[Event "KAZ-ch Open 2019"]
[Site "Almaty"]
[Date "2019.04.29"]
[Round "8.4"]
[White "Ibrayev, Nurlan"]
[Black "Ismagambetov, Anuar"]
[Result "1-0"]
[WhiteElo "2379"]
[BlackElo "2554"]
[Annotator "TA"]
[PlyCount "119"]
[EventDate "2019.04.21"]
[EventType "tourn"]
[EventCountry "KAZ"]
[SourceTitle "playchess.com"]
[Source "ChessBase"]
[SourceQuality "1"]

{[%evp 9,119,35,86,79,82,68,72,76,89,77,118,102,115,94,95,87,129,133,137,134,145,87,87,87,87,83,83,35,100,111,108,93,128,126,124,117,118,116,195,204,252,228,251,222,239,264,255,240,245,257,249,237,251,260,256,237,427,428,433,399,391,260,557,557,570,546,823,732,1052,1033,1154,1153,1020,992,786,1189,1235,1107,1041,876,708,688,1003,967,916,210,261,208,194,91,71,79,79,79,79,79,79,22,29952,29950,12833,5807,1706,1478,29973,29974,29977,29978,29979,29980,29985,29986]} 1. d4 Nf6 2. Nf3 c5 3. d5 e6 4. Nc3 d6 5. e4 e5 (5... exd5 $14 6. Nxd5 (6. exd5 Be7 $14) 6... Be7) 6. Be2 {A43: Schmid Benoni} (6. Bb5+ Nbd7 7. a4 Be7 8. O-O O-O 9. a5 Ne8 10. a6 Nc7 11. axb7 Bxb7 12. Bd3 Nb6 13. Nd2 Bg5 {1-0 (40) Mirzoev,A (2525)-Kriebel,T (2484) Konya 2016}) 6... Be7 7. O-O O-O 8. Nd2 {White is better.} Nbd7 9. a4 b6 10. Nc4 $146 ({Predecessor:} 10. a5 Ne8 11. Nc4 a6 12. axb6 Nxb6 13. Na5 Qc7 {1-0 (29) Opitz,P (2232)-Fuhr,M (2283) ICCF email 2009}) 10... Ba6 11. Ne3 Bxe2 12. Qxe2 g6 13. Nc4 Nh5 14. Bh6 Re8 15. g3 (15. a5 $142) 15... a6 $16 16. Rfb1 Qc7 17. Be3 Ng7 18. b4 f5 (18... cxb4 $14 19. Rxb4 Rac8) 19. bxc5 bxc5 20. f3 Rf8 21. Bh6 $36 {[%mdl 2048] Keeping Black busy.} Rf7 22. Ra3 fxe4 23. fxe4 Raf8 (23... Rff8 $16 {was called for.} 24. a5 Rab8) 24. Rab3 $18 Qc8 25. Qg4 Rf3 26. Rb7 Rf1+ 27. Rxf1 Rxf1+ 28. Kxf1 Qxb7 29. Bxg7 $1 Kxg7 30. Qe6 $1 {[%csl LRd6,LRe7][%mdl 64] Double Attack} Nf6 31. Nxd6 Bxd6 32. Qxd6 Ng4 $2 (32... Qb4 {was worth a try.} 33. Qe7+ (33. Qxe5 Qd4 $16) 33... Kg8) 33. Qxc5 Nxh2+ 34. Kg2 Ng4 {If Black can now play ...h5 this consolidates a bit.} 35. Nd1 Nh6 $2 (35... h5 36. Nf2 Qd7) 36. Nf2 Nf7 37. a5 h5 38. Qb6 Qc8 39. Qc6 Qxc6 40. dxc6 {[%mdl 4096] Endgame KN-KN} Kf6 41. c7 $1 {[%cal Rc7c8]} Nd6 42. Nd3 Nc8 43. Nc5 Ke7 44. Kh3 Kd6 45. Nxa6 g5 46. c4 Kc6 47. Nb4+ $2 (47. g4 h4 48. Nb4+ Kxc7 49. c5) 47... Kxc7 48. c5 Kb7 49. Nd3 (49. g4 $18 h4 50. Nd3) 49... Ka6 $16 50. Nxe5 {aiming for Nf7.} Kxa5 {[#]} 51. Nf7 $1 {[%cal Rf7g5]} Kb4 52. c6 {Hoping for c7.} Kc5 53. c7 ({Better is} 53. Nxg5 $16 {And now Kh4 would win.} Kxc6 54. Kh4) 53... Kc6 $2 {[%mdl 8192]} (53... Kb6 $11) 54. Nxg5 Kxc7 55. Kh4 Kd6 {[#]} 56. Nf3 $1 Ke6 57. Kxh5 {White mates.} Nd6 58. g4 Kf7 59. e5 Ne4 60. Ng5+ {[%mdl 64] Double Attack. Accuracy: White = 68%, Black = 38%.} 1-0

[Event "KAZ-ch Open 2019"]
[Site "Almaty"]
[Date "2019.04.29"]
[Round "8.5"]
[White "Nogerbek, Kazybek"]
[Black "Makhnev, Denis"]
[Result "1/2-1/2"]
[WhiteElo "2341"]
[BlackElo "2483"]
[Annotator "TA"]
[PlyCount "79"]
[EventDate "2019.04.21"]
[EventType "tourn"]
[EventCountry "KAZ"]
[SourceTitle "playchess.com"]
[Source "ChessBase"]
[SourceQuality "1"]

{[%evp 22,79,34,12,12,10,19,0,45,45,61,61,65,52,66,30,33,28,40,0,-14,-34,-34,-44,-34,-34,-34,-34,-24,-27,-24,-34,-24,-24,-19,-24,-19,-19,-19,-56,-51,-47,-45,-50,-50,-55,-54,-45,-46,-64,0,-39,0,0,10,10,10,33,40,39]} 1. e4 e5 2. Nf3 Nc6 3. Bb5 a6 4. Ba4 Nf6 5. O-O Be7 6. Re1 b5 7. Bb3 d6 8. c3 O-O 9. h3 Nb8 10. d4 Nbd7 11. c4 c6 12. Nc3 {[%cal Bb1c3,Bc3a4,Ba4b2,Bb2d3][%mdl 32]} b4 {C95: Closed Ruy Lopez: Breyer Variation with 10 d4} 13. Na4 c5 14. d5 Ne8 {The position is equal.} 15. Bc2 g6 16. a3 a5 17. b3 Ng7 {[#]} 18. Nb2 $146 ({Predecessor:} 18. Bh6 f5 19. axb4 axb4 20. Bxg7 Kxg7 21. Nxc5 {½-½ (41) Fedorchuk,S (2604)-Van den Doel,E (2604) Ferreira do Alentejo 2018}) 18... Rb8 19. Bh6 f5 $1 20. Nd2 (20. axb4 $14 axb4 21. Qd2) 20... Bg5 $11 21. Bxg7 Kxg7 22. Nd3 Bxd2 23. Qxd2 f4 24. f3 Rb7 25. axb4 axb4 26. Ra6 Nf6 27. Rea1 Rff7 28. Qf2 Rbc7 29. Ra8 Qe7 30. Kf1 g5 31. Ke2 h5 32. Kd2 g4 33. hxg4 hxg4 34. Rh1 g3 35. Qe1 Nh7 ({Black should play} 35... Rf8 $15) 36. Qa1 Ra7 37. Rxh7+ $1 Kxh7 38. Qh1+ Kg7 $1 39. Rxc8 Rf8 40. Rxf8 {Accuracy: White = 37%, Black = 66%.} 1/2-1/2

[Event "KAZ-ch Open 2019"]
[Site "Almaty"]
[Date "2019.04.29"]
[Round "8.6"]
[White "Kazakov, Konstantin"]
[Black "Kazhgaleyev, Murtas"]
[Result "1/2-1/2"]
[WhiteElo "2369"]
[BlackElo "2578"]
[Annotator "TA"]
[PlyCount "164"]
[EventDate "2019.04.21"]
[EventType "tourn"]
[EventCountry "KAZ"]
[SourceTitle "playchess.com"]
[Source "ChessBase"]
[SourceQuality "1"]

{[%evp 16,164,-57,-52,-55,-72,-65,-62,-73,-75,-68,-68,-68,-57,-55,-57,-57,-50,-53,-60,-54,-60,-66,-60,0,-15,0,0,0,0,0,-5,0,0,275,-109,-115,-106,0,-128,0,0,0,0,0,-16,-20,-36,-22,-37,-35,-36,-19,-39,-43,-50,-22,-35,-14,-17,-15,-19,-18,-31,-31,-38,-35,-28,-27,-29,-36,-58,-33,-35,-17,-34,-35,-33,-37,-48,-55,-62,0,-24,-30,-40,-23,-27,-23,-23,-23,-23,-23,-23,-25,-41,-45,-69,-19,-19,-12,-42,-14,-14,-6,-10,0,0,0,0,0,-6,0,-8,0,0,-1,-16,-8,-8,-8,-60,-8,-8,-8,-8,-1,-19,-19,-35,0,-3,0,0,0,0,0,0,0,0,0,0,0,0,0,0,0,0,0,0,0]} 1. e4 e6 2. d4 d5 3. exd5 exd5 4. Nf3 Nf6 5. c4 Bb4+ 6. Nc3 O-O 7. a3 Re8+ 8. Be2 Bxc3+ 9. bxc3 Ne4 {C01: French: Exchange Variation} 10. Bb2 (10. Qc2 Bf5 11. Qb2 Nc6 12. Be3 Na5 13. cxd5 Qxd5 14. O-O Qb3 15. Rfb1 Qxb2 16. Rxb2 Nxc3 17. Bf1 {½-½ (39) Andrijevic,M (2338)-Kovacevic,B (2449) Bosnjaci 2012}) 10... dxc4 11. O-O Nd6 $146 {Black is slightly better.} ({Predecessor:} 11... Be6 12. Ne5 b5 13. Bg4 Nf6 14. Bxe6 Rxe6 15. Bc1 Nd5 16. Bd2 Nd7 17. f4 {½-½ (34) Fradera Manils,J (1903)-Company Codina,A (1945) Santa Eulalia de Roncana 2014}) 12. Ne5 Be6 13. a4 Nd7 14. Ba3 Nxe5 15. dxe5 Nf5 16. Bf3 c6 17. Rb1 Qc7 18. Re1 Rad8 19. Qc2 Nh4 20. Be4 Ng6 21. Bd6 $36 {[%mdl 2048] White has some pressure.} Qc8 22. f4 {aiming for f5.} Nxf4 23. Bxh7+ Kh8 24. Rf1 Nxg2 $2 {[%mdl 8192]} (24... g5 $11 {and Black is okay.}) 25. Qxg2 $2 (25. Be4 $1 $18) 25... Kxh7 $17 26. Rf4 {[#]} Bd5 (26... Rh8 $1 $17 {Hoping for ...Kg8.} 27. Qg5 Kg8 28. Rxb7 Rh6) 27. Rh4+ $11 Kg8 28. Qc2 $1 {[%csl Gh4][%cal Rc2h7]} f5 $1 {White must now prevent ...Qe6.} ({Don't play} 28... g6 $6 29. Qd2 $16) 29. exf6 $1 {White threatens Qg6! and mate.} Be4 30. Rf1 {[%cal Rf6f7]} gxf6 {[#]} 31. Qf2 $1 {[%mdl 512]} Qe6 32. Qxf6 Qxf6 33. Rxf6 {Threatening Rg4+.} Rd7 34. Rg4+ Rg7 35. h3 Bd5 {White should prevent ...Rxg4+.} 36. Kf2 Be6 37. Re4 Rf7 38. Rxf7 Kxf7 {[%mdl 4096] Endgame KRB-KRB} 39. a5 Rh8 40. Rf4+ Ke8 41. h4 Rh5 42. a6 bxa6 43. Rf8+ Kd7 44. Bg3 Bd5 45. Ke3 c5 46. Rf6 Be6 47. Rf2 Kc6 48. Rf6 Kd7 49. Rf2 a5 50. Rd2+ Kc8 51. Rd6 Bd7 52. Ra6 Kb7 53. Rxa5 Kb6 54. Ra2 a5 55. Rb2+ Ka6 56. Rb8 a4 57. Kd2 $1 Rd5+ 58. Kc2 Bg4 (58... Rd3 $5 {[%cal Rd3g3]} 59. Bf4 Rh3 $17) 59. Kb2 Bd1 60. Bf4 Bb3 61. Re8 Rd1 62. Re6+ Kb7 63. Rd6 Rf1 64. Bg5 Kc7 65. Rd5 Kc6 66. Rd8 Rh1 67. Rd2 Rh3 68. Be7 (68. Bf6 $11) 68... Kb5 ({Black should try} 68... Rd3 $1 $15 69. Bg5 {[#]} a3+ $1 {[%mdl 576] Deflection} 70. Kxa3 Rxc3) 69. Bf6 $1 Rf3 70. Bg7 Rf5 71. Bh6 Rf1 72. Bg5 Bd1 73. Rd8 {The position is equal.} Bg4 74. Rb8+ Kc6 75. Ra8 Rf2+ 76. Ka3 Rc2 77. Bf6 $1 Bf5 78. Rxa4 Rd2 79. Ra6+ Kb7 {( -> ...Bb1)} 80. Ra5 Kb6 81. Ra8 Kb7 82. Ra5 Kb6 {Accuracy: White = 63%, Black = 55%.} 1/2-1/2

[Event "KAZ-ch Open 2019"]
[Site "Almaty"]
[Date "2019.04.30"]
[Round "9.1"]
[White "Kazhgaleyev, Murtas"]
[Black "Agmanov, Zhandos"]
[Result "1-0"]
[WhiteElo "2578"]
[BlackElo "2394"]
[Annotator "TA"]
[PlyCount "75"]
[EventDate "2019.04.21"]
[EventType "tourn"]
[EventCountry "KAZ"]
[SourceTitle "playchess.com"]
[Source "ChessBase"]
[SourceQuality "1"]

{[%evp 16,75,27,26,31,29,31,27,18,23,23,23,72,62,72,63,127,122,122,124,122,122,132,130,128,128,128,128,128,128,121,122,122,123,178,181,185,175,191,171,191,181,170,170,190,137,239,246,245,210,408,415,442,444,440,439,849,845,844,841,795,771]} 1. d4 Nf6 2. c4 e6 3. Nc3 Bb4 4. e3 O-O 5. Bd3 c5 6. Nge2 d5 7. a3 dxc4 8. Bxc4 cxd4 9. axb4 dxc3 {E48: Nimzo-Indian: Rubinstein: 5 Bd3 d5 including 6 Ne2, but excluding 6 a3} 10. Qxd8 Rxd8 11. Nxc3 Nc6 {White has an edge.} 12. b5 Ne5 13. Be2 {[#]} b6 $146 ({Predecessor:} 13... Nd3+ 14. Bxd3 Rxd3 15. Ke2 Rd8 16. e4 Bd7 17. Be3 {½-½ (26) Tregubov,P (2585)-Jakovenko,D (2704) Doha 2016}) 14. e4 Bb7 15. f3 Kf8 (15... Nd3+ $14 16. Bxd3 Rxd3) 16. Be3 $16 Nd3+ 17. Bxd3 $1 Rxd3 18. Ke2 Rd7 19. Ra4 Ne8 20. Rha1 Nd6 21. Bxb6 axb6 22. Rxa8+ Bxa8 23. Rxa8+ {[%mdl 4096] Endgame KRN-KRN} Ke7 24. Rb8 Nc4 (24... Rb7 $16 {is a better defense.} 25. Rxb7+ Nxb7) 25. b3 $18 Na5 {[#]} 26. Na4 $1 Nxb3 27. Nxb6 ({But not} 27. Rxb6 $6 Nc1+ 28. Ke1 Nd3+ 29. Kf1 Rd4 $16) 27... Rc7 28. Kd3 Nc5+ 29. Ke3 Nb3 30. Na4 (30. e5 $18) 30... Rc4 (30... Ra7 $16) 31. Ra8 Rb4 32. Ra7+ Kf6 $2 {[#]} (32... Kd6 33. Nc3 f6 34. Rxg7 Nc5) 33. b6 {[%cal Bb5b6,Bb6b7][%mdl 32]} Nd4 34. Nc5 {White is clearly winning.} Nc6 35. Rc7 Ne5 (35... Na5 $142 36. b7 Kg6) 36. b7 Nc4+ 37. Kf4 g5+ 38. Kg3 {Accuracy: White = 90%, Black = 33%.} 1-0

[Event "KAZ-ch Open 2019"]
[Site "Almaty"]
[Date "2019.04.30"]
[Round "9.2"]
[White "Makhnev, Denis"]
[Black "Kazakov, Konstantin"]
[Result "1/2-1/2"]
[WhiteElo "2483"]
[BlackElo "2369"]
[Annotator "TA"]
[PlyCount "59"]
[EventDate "2019.04.21"]
[EventType "tourn"]
[EventCountry "KAZ"]
[SourceTitle "playchess.com"]
[Source "ChessBase"]
[SourceQuality "1"]

{[%evp 9,59,19,18,1,25,29,42,21,37,-20,-14,-202,21,20,14,8,20,10,16,8,12,4,0,0,0,-53,-11,-31,-31,-31,-22,-37,-45,-51,-5,-5,-5,-4,0,-8,-4,-23,0,0,0,0,0,0,0,0,0,0]} 1. d4 f5 2. g3 Nf6 3. Bg2 g6 4. Nh3 d6 5. d5 c6 6. Nf4 {A81: Dutch Defence: 2 g3} (6. c4 e5 7. dxe6 Bxe6 8. b3 Bg7 9. Bb2 h6 10. Nf4 Bf7 11. O-O O-O 12. Nd2 Re8 13. Re1 {0-1 (60) Shen,V (2410)-Le,Q (2678) South Padre Island 2014}) 6... cxd5 7. Nxd5 Nxd5 8. Qxd5 {White is slightly better.} Nc6 $146 ({Predecessor:} 8... Bg7 9. Nc3 Nc6 10. Qd1 e6 11. e4 O-O 12. O-O fxe4 13. Nxe4 {1-0 (35) Stepan,P (2217)-Khaetsky,R (2381) Pardubice 2018}) 9. c4 ({White should play} 9. Bg5 $14) 9... Bg7 $11 10. Nc3 $2 {[#]} (10. Qd2 $11 {and White stays safe.}) 10... Qa5 $2 (10... Nd4 $1 $19 {...e6 is the strong threat.} 11. Be3 e6 12. Bxd4 exd5 13. Bxg7 Rg8) 11. O-O Bxc3 12. bxc3 Qxd5 13. cxd5 Ne5 14. Bf4 Bd7 15. Rfb1 {Hoping for Bxe5.} b6 {[%cal Bb7b6,Bb6b5,Bb5c4][%mdl 32]} 16. Bxe5 dxe5 17. a4 (17. Rb3 $11) 17... Kf7 18. a5 b5 19. c4 bxc4 20. Rb7 Rhd8 21. d6 e4 22. f3 $1 exd6 {And now ...d5 would win.} 23. fxe4 fxe4 24. Rd1 Ke7 {next ...Rab8 is good for Black.} 25. Rd4 Rac8 {[#] White must now prevent ...d5!} 26. Rxe4+ {The position is equal.} Kf6 {Threatens to win with ...c3.} 27. Rf4+ Ke5 {Strongly threatening ...c3.} 28. Re4+ Kf6 29. Rf4+ Ke5 {aiming for ...c3.} 30. Re4+ {Accuracy: White = 42%, Black = 62%.} 1/2-1/2

[Event "KAZ-ch Open 2019"]
[Site "Almaty"]
[Date "2019.04.30"]
[Round "9.3"]
[White "Ismagambetov, Anuar"]
[Black "Nogerbek, Kazybek"]
[Result "1-0"]
[WhiteElo "2554"]
[BlackElo "2341"]
[Annotator "TA"]
[PlyCount "75"]
[EventDate "2019.04.21"]
[EventType "tourn"]
[EventCountry "KAZ"]
[SourceTitle "playchess.com"]
[Source "ChessBase"]
[SourceQuality "1"]

{[%evp 18,75,29,20,20,0,0,0,0,-12,0,0,10,-1,13,0,0,0,12,9,47,49,63,0,0,0,0,0,0,0,0,-29,0,0,87,141,182,184,153,2,362,190,176,176,140,132,185,174,181,175,162,181,927,896,2003,1848,6107,5883,10837,6203]} 1. e4 e6 2. d4 d5 3. Nc3 Nf6 4. e5 Nfd7 5. f4 c5 6. Nf3 Nc6 7. Be3 cxd4 8. Nxd4 Bc5 9. Qd2 O-O 10. Be2 a6 {C11: French: Classical System: 4 e5 and 4 Bg5 dxe4} 11. Rd1 (11. O-O Nxd4 12. Bxd4 Qb6 13. Bxc5 Nxc5 14. Qd4 Bd7 15. f5 Na4 16. Qxb6 Nxb6 17. f6 gxf6 18. exf6 {0-1 (59) Mitkov,N (2454)-Zherebukh,Y (2633) chess.com INT 2018}) 11... Nxd4 12. Bxd4 b5 {The position is equal.} 13. Qe3 $146 ({Predecessor:} 13. a3 Qc7 14. Qe3 Bb7 15. O-O Rac8 16. Bxc5 Qxc5 17. Qxc5 Nxc5 18. Rd4 {0-1 (35) Al Rufaye,I (2130)-Le,T (2344) Ha Long City 2009}) 13... Bxd4 14. Rxd4 Nb8 15. Rd2 {[%cal Bd4d2,Bd2f2,Bf2f6][%mdl 32]} Nc6 16. O-O Qa5 17. Bd3 h6 18. Rdf2 b4 19. Ne4 Qd8 20. Ng5 ({Better is} 20. Nd6 $14) 20... hxg5 $11 21. fxg5 Ne7 $1 {[%cal Re7f5]} 22. g4 ({Reject} 22. Qh3 Nf5 $17) 22... g6 {Threatens to win with ...a5.} 23. Rf6 {Threatening Qf2.} Bb7 {...d4 is the strong threat.} 24. Qf4 {[%cal Rf6f7]} (24. Qf2 $5 {[%cal Rf6f7]} Qe8 25. Qb6 $19) 24... Qe8 {Strongly threatening ...d4!} 25. h4 $1 {[%cal Rh4h5]} d4 (25... Rc8 $11) 26. h5 $16 Qc6 {[%csl Gb7][%cal Rc6g2]} 27. Qh2 gxh5 28. R1f2 $2 {[#]} ({Only move:} 28. gxh5 $16 {aiming for g6.} Nd5 29. g6 $1 {[%mdl 512]} Nxf6 30. exf6) 28... Kg7 $4 {[%mdl 8192]} (28... Qh1+ $1 $11 {[%mdl 512] and Black has nothing to worry.} 29. Qxh1 Bxh1) 29. Qxh5 $40 {[%mdl 128] White goes for the king.} (29. gxh5 $142 {Hoping for g6.} Kg8 30. g6 fxg6 31. hxg6 Qh1+ 32. Qxh1 Bxh1 33. Kxh1) 29... Qh1+ $18 30. Qxh1 Bxh1 31. Kxh1 Nc6 (31... Nd5 $16 {was called for.}) 32. Be4 Rac8 {[#]} 33. Bxc6 $1 Rxc6 {[#]} 34. g6 $1 {[%cal Rf6f7]} Rc5 $2 (34... Rh8+ 35. Kg1 Rc5 36. gxf7 Rf8 37. Rxe6 Rxf7) 35. Rxf7+ {White is clearly winning.} Rxf7 36. gxf7 Kf8 37. g5 Rxe5 38. g6 {Accuracy: White = 59%, Black = 32%.} 1-0

[Event "KAZ-ch Open 2019"]
[Site "Almaty"]
[Date "2019.04.30"]
[Round "9.4"]
[White "Moisseyenko, Ilya"]
[Black "Ibrayev, Nurlan"]
[Result "0-1"]
[WhiteElo "2329"]
[BlackElo "2379"]
[Annotator "NA"]
[PlyCount "54"]
[EventDate "2019.04.21"]
[EventType "tourn"]
[EventCountry "KAZ"]
[SourceTitle "playchess.com"]
[Source "ChessBase"]
[SourceQuality "1"]
[TimeControl "40/5400+30:1800+30"]

1. d4 {[%emt 0:00:00]} Nf6 {[%emt 0:00:00]} 2. Nf3 {[%emt 0:00:00]} e6 {[%emt 0:00:00]} 3. c4 {[%emt 0:00:00]} c5 {[%emt 0:00:11]} 4. d5 {[%emt 0:00:00]} d6 {[%emt 0:00:07]} 5. Nc3 {[%emt 0:00:00]} exd5 {[%emt 0:00:05]} 6. cxd5 {[%emt 0:00:00]} g6 {[%emt 0:00:04]} 7. e4 {[%emt 0:00:03]} a6 {[%emt 0:01:45]} 8. a4 {[%emt 0:00:05]} Bg4 {[%emt 0:01:02]} 9. Qb3 {[%emt 0:00:20]} Bxf3 {[%emt 0:17:35] A70: Modern Benoni: 6 e4 g6 7 Nf3} 10. Qxb7 {[%emt 0:00:08]} Nbd7 {[%emt 0:00:09]} 11. gxf3 {[%emt 0:00:04]} Bg7 {[%emt 0:02:53]} 12. Qb3 {[%emt 0:09:34]} ({White should play} 12. Qc6 $14 Qb8 (12... Rb8 13. a5 O-O 14. Qxd6 Nh5 15. f4 Bd4 16. Be2 Qh4 17. Qxd7 {1-0 (42) Mamedyarov,S (2646)-Papaioannou,I (2578) Gothenburg 2005}) 13. a5 (13. Bxa6 O-O $11)) 12... O-O {[%emt 0:00:56]} 13. Be2 {[%emt 0:00:32]} Nh5 {[%emt 0:07:24]} 14. f4 {[%emt 0:01:49]} Qh4 {[%emt 0:00:20]} 15. Bxh5 {[%emt 0:00:14]} Qxh5 {[%emt 0:00:06]} 16. Qd1 $146 {[%emt 0:00:37]} (16. O-O $17) ({Predecessor:} 16. Ne2 Rfe8 17. Ng3 {0-1 (28) Dzevlan,M (2453)-Wedberg,T (2539) Sweden 2006}) 16... Qh3 {[%emt 0:00:26]} 17. f3 {[%emt 0:08:15]} f5 {[%emt 0:07:20]} 18. Bd2 {[%emt 0:09:07]} Rab8 {[%emt 0:06:00]} 19. Qe2 {[%emt 0:03:07]} Rxb2 {[%emt 0:01:16]} 20. Rc1 {[%emt 0:01:09]} Re8 {[%emt 0:11:56]} 21. Kd1 {[%emt 0:01:36]} Nf6 {[%emt 0:14:25]} 22. Rc2 {[%emt 0:04:31]} Rb4 {[%emt 0:02:12]} 23. e5 {[%emt 0:02:23]} dxe5 {[%emt 0:03:15]} 24. fxe5 {[%emt 0:00:04]} Rxe5 {[%emt 0:00:13]} 25. Qxe5 {[%emt 0:00:04]} Qxf3+ {[%emt 0:00:04]} 26. Kc1 {[%emt 0:00:05]} Qxh1+ {[%emt 0:00:14]} 27. Be1 $19 {[%emt 0:01:29]} (27. Nd1 Re4 28. Qd6) 27... Re4 {[%emt 0:00:35]} 0-1

[Event "KAZ-ch Open 2019"]
[Site "Almaty"]
[Date "2019.04.30"]
[Round "9.5"]
[White "Zhalmakhanov, Ramazan"]
[Black "Kostenko, Petr"]
[Result "1/2-1/2"]
[WhiteElo "2346"]
[BlackElo "2450"]
[Annotator "TA"]
[PlyCount "31"]
[EventDate "2019.04.21"]
[EventType "tourn"]
[EventCountry "KAZ"]
[SourceTitle "playchess.com"]
[Source "ChessBase"]
[SourceQuality "1"]

{[%evp 30,31,18,0]} 1. e4 e5 2. Nf3 Nc6 3. Bb5 a6 4. Ba4 Nf6 5. O-O Be7 6. Re1 b5 7. Bb3 d6 8. c3 O-O 9. h3 Bb7 10. d4 Re8 11. Ng5 $146 ({Predecessor:} 11. Nbd2 Bf8 12. a3 Nb8 13. Ng5 Re7 14. Ndf3 Nbd7 15. Nxf7 Rxf7 16. Ng5 d5 17. Nxf7 Kxf7 18. f4 exd4 19. e5 dxc3 20. bxc3 Kg8 21. exf6 Nxf6 {1-0 (39) Topalov,V (2740)-Karpov,A (2623) Salamanca 2018}) 11... Rf8 12. Nf3 Re8 13. Ng5 Rf8 14. Nf3 Re8 15. Ng5 Rf8 16. Nf3 1/2-1/2

[Event "KAZ-ch Open 2019"]
[Site "Almaty"]
[Date "2019.04.30"]
[Round "9.6"]
[White "Urazayev, Arystanbek"]
[Black "Kvan, Andrey"]
[Result "1/2-1/2"]
[WhiteElo "2446"]
[BlackElo "2286"]
[Annotator "ChessBase"]
[PlyCount "56"]
[EventDate "2019.04.21"]
[EventType "tourn"]
[EventCountry "KAZ"]
[SourceTitle "playchess.com"]
[Source "ChessBase"]
[SourceQuality "1"]
[TimeControl "40/5400+30:1800+30"]

1. e4 {[%emt 0:00:00]} c6 {[%emt 0:00:00]} 2. d4 {[%emt 0:00:35]} d5 {[%emt 0:00:00]} 3. exd5 {[%emt 0:00:04]} cxd5 {[%emt 0:00:00]} 4. c4 {[%emt 0:00:03]} Nf6 {[%emt 0:00:00]} 5. Nc3 {[%emt 0:00:04]} e6 {[%emt 0:00:00]} 6. Nf3 {[%emt 0:00:10]} Be7 {[%emt 0:00:03]} 7. cxd5 {[%emt 0:00:12]} Nxd5 {[%emt 0:00:33]} 8. Bd3 {[%emt 0:00:20]} Nc6 {[%emt 0:00:23]} 9. O-O {[%emt 0:00:10]} Nxc3 {[%emt 0:03:48]} 10. bxc3 {[%emt 0:00:06]} O-O {[%emt 0:00:07]} 11. Qe2 {[%emt 0:06:40]} Qa5 {[%emt 0:04:30]} 12. Bb2 {[%emt 0:02:34]} Bf6 {[%emt 0:02:28]} 13. Rfd1 {[%emt 0:02:02]} Qh5 {[%emt 0:01:39]} 14. c4 {[%emt 0:02:36]} Ne7 {[%emt 0:02:53]} 15. Be4 {[%emt 0:05:13]} Rb8 {[%emt 0:04:39]} 16. h3 {[%emt 0:05:22]} b5 {[%emt 0:12:52]} 17. d5 {[%emt 0:11:10]} Bxb2 {[%emt 0:09:57]} 18. Qxb2 {[%emt 0:00:09]} Bb7 {[%emt 0:00:21]} 19. Qxb5 {[%emt 0:06:39]} f5 {[%emt 0:02:48]} 20. d6 {[%emt 0:15:51]} Bxe4 {[%emt 0:11:33]} 21. dxe7 {[%emt 0:00:14]} Rxb5 {[%emt 0:07:02]} 22. exf8=Q+ {[%emt 0:00:35]} Kxf8 {[%emt 0:00:02]} 23. cxb5 {[%emt 0:00:08]} Bxf3 {[%emt 0:00:09]} 24. gxf3 {[%emt 0:00:05]} Ke7 {[%emt 0:00:03]} 25. Kg2 {[%emt 0:23:39]} Qg5+ {[%emt 0:00:19]} 26. Kf1 {[%emt 0:00:06]} Qf4 {[%emt 0:00:22]} 27. Kg2 {[%emt 0:00:06]} Qg5+ {[%emt 0:00:39]} 28. Kf1 {[%emt 0:00:04]} Qf4 {[%emt 0:00:05]} 1/2-1/2